UK Cities by GDP - Statistics

General Stats
  • This quiz has been taken 110 times
  • The average score is 13 of 15
Answer Stats
GDP (in billions) City/Metropolitan Area % Correct
731.2 London
100%
114.3 Birmingham
98%
33.1 Edinburgh
96%
88.3 Manchester
96%
55.5 Glasgow
95%
57.3 Liverpool
94%
35.2 Cardiff-Newport
89%
69.8 Leeds-Bradford
88%
44.4 Newcastle-Sunderland
84%
46.2 Bristol
82%
50.0 Portsmouth-Southampton
77%
50.6 Nottingham-Derby
76%
38.8 Sheffield
76%
27.5 Leicester
71%
20.6 Brighton
60%
No matching quizzes found
Score Distribution
Percent of People with Each Score
Percentile by Number Answered
Your Score History
You have not taken this quiz